000 00872nam a2200253Ia 4500
003 OSt
005 20220923211204.0
006 a|||||r|||| 00| 0
007 ta
008 Pun
020 _a8190267116 (hbk)
_c175
024 _a240,272
037 _b177, 24/10/2009, H.K. Prakashan
_cTextual
040 _aARTS
_cARTS
_bPun
041 _2Pun
_aPun
082 _aO153,1:g, P6
100 _aਧਾਲੀਵਾਲ, ਅਰਵਿੰਦਰ ਕੌਰ
_9159333
245 0 _aਪਰਵਾਸੀ ਪੰਜਾਬੀ ਕਾਵਿ ਨਾਟ
260 _aਅੰਮ੍ਰਿਤਸਰ
_b ਅਲਕਾ ਸਾਹਿਤ ਸਕਨ
_c2006
300 _a160ਪੰ
_ccm.
650 _aਪੰਜਾਬੀ ਸਾਹਿਤ
942 _hO153,1:g, P6
_cTEXL
_2CC
999 _c296557
_d296557